LEADER 01507oam 2200397Ka 450 001 9910696421703321 005 20080401101656.0 035 $a(CKB)5470000002378627 035 $a(OCoLC)213328000 035 $a(EXLCZ)995470000002378627 100 $a20080311d2007 ua 0 101 0 $aeng 181 $ctxt$2rdacontent 182 $cc$2rdamedia 183 $acr$2rdacarrier 200 10$aAre those who bring work home really working longer hours?$b[electronic resource] $eimplications for BLS productivity measures /$fLucy P. Eldridge, Sabrina Wulff Pabilonia 210 1$a[Washington, D.C.] :$cU.S. Dept. of Labor, U.S. Bureau of Labor Statistics, Office of Productivity and Technology,$d[2007] 215 $a46 pages $cdigital, PDF file 225 1 $aWorking paper ;$v406 300 $aTitle from title screen (viewed on Mar. 10, 2008). 300 $a"May 2007." 517 $aAre those who bring work home really working longer hours? 606 $aLabor productivity$zUnited States 606 $aLabor time$zUnited States 615 0$aLabor productivity 615 0$aLabor time 700 $aEldridge$b Lucy P$01393706 701 $aPabilonia$b Sabrina Wulff$01393707 712 02$aUnited States.$bBureau of Labor Statistics.$bOffice of Productivity and Technology. 801 0$bGPO 801 1$bGPO 801 2$bGPO 906 $aBOOK 912 $a9910696421703321 996 $aAre those who bring work home really working longer hours$93450097 997 $aUNINA